Haciendo números : las notaciones matemáticas vistas desde la psicología, la didáctica y la historia /
Պահպանված է:
| Հիմնական հեղինակ: | |
|---|---|
| Այլ հեղինակներ: | |
| Ձևաչափ: | Գիրք |
| Լեզու: | իսպաներեն |
| Հրապարակվել է: |
México :
Paidós,
2005, c2005
|
| Խորագրեր: | |
| Ցուցիչներ: |
Չկան պիտակներ, Եղեք առաջինը, ով նշում է այս գրառումը!
|
MARC
| LEADER | 00000nam^a2200000^a^4500 | ||
|---|---|---|---|
| 001 | 000181158 | ||
| 005 | 20250521000000.0 | ||
| 009 | 20260310101922.566 | ||
| 020 | |a 968-853-594-X | ||
| 037 | |a Acervo ITESO - Biblioteca | ||
| 041 | |a ESP | ||
| 082 | |a 372. 72 |b ALV | ||
| 100 | |a Alvarado, Mónica |e (comp.) | ||
| 245 | 1 | 0 | |a Haciendo números : |b las notaciones matemáticas vistas desde la psicología, la didáctica y la historia / |c Comp. e introd. de M. Alvarado, B.M. Brizuela. |
| 264 | 4 | |a México : |b Paidós, |c 2005, c2005 | |
| 300 | |a 219 p. | ||
| 336 | |a texto |b txt |2 rdacontenido | ||
| 337 | |a sin mediación |b n |2 rdamedio | ||
| 338 | |a volumen |b nc |2 rdasoporte | ||
| 649 | |a XX | ||
| 650 | |a Niños | ||
| 650 | |a Número (Concepto Matemático) | ||
| 650 | |a Numeración - |x Historia | ||
| 650 | |a Solución de Problemas | ||
| 650 | |a Aprendizaje | ||
| 650 | |a Desarrollo Cognoscitivo | ||
| 650 | |a Psicología Cognitiva | ||
| 650 | |a Didáctica | ||
| 650 | |a Metodología Educativa | ||
| 650 | |a Proceso Educativo | ||
| 650 | |a Psicología Evolutiva | ||
| 650 | |a Psicología Educativa | ||
| 650 | |a Semiótica | ||
| 650 | |a Lingüística | ||
| 650 | |a Aritmética - |x Historia | ||
| 650 | |a Algebra - |x Historia | ||
| 650 | |a Matemáticas - |x Historia | ||
| 650 | |a Matemáticas - |x Estudio y Enseñanza | ||
| 650 | |a Educación Primaria | ||
| 700 | |a Brizuela, Bárbara M. |e (compilación) | ||
| 910 | |a Fondo General | ||
| 920 | |a Impresos - Libros | ||
| 930 | |a Colección General | ||
| 905 | |a 101 | ||
| 901 | |a 0500120853 |b IT1 |c ACC |u 20250521 | ||
| 902 | |a https://opac.biblio.iteso.mx/vufind/Record/000181158 | ||